000 00299nam a22001217a 4500
008 160503b xxu||||| |||| 00| 0 eng d
020 _a9780781748780
020 _a078174878
041 _aeng
080 _a61
245 _aPrimary care medicie:
_cAllan H. Goroll; Albert G. Mulley;
942 _2udc
_cBK
999 _c1746
_d1746